000 00255nam a2200097Ia 4500
082 _aJ 599.756 WILS
245 0 _aTigers
100 _a Wilsdon, Christina Pleasantville, NY, 2009
_911099
942 _cBK
008 210817s9999 xx 000 0 und d
999 _c368343
_d368342